A guidebook for brownfield property owners (Record no. 173883)
[ view plain ]
| 000 -LEADER | |
|---|---|
| fixed length control field | 01539nam a2200361Ia 4500 |
| 245 02 - TITLE STATEMENT | |
| Title | A guidebook for brownfield property owners |
| 260 ## - PUBLICATION, DISTRIBUTION, ETC. (IMPRINT) | |
| Place of publication | Washington, DC : |
| Name of publisher | Environmental Law Institute, |
| Year of publication | c1999. |
| 300 ## - PHYSICAL DESCRIPTION | |
| Number of Pages | 77 p. |
| 500 ## - GENERAL NOTE | |
| General note | "Written by ... Linda Breggin ... [et al.]"--Ackn. |
| 650 #0 - SUBJECT ADDED ENTRY--TOPICAL TERM | |
| Topical Term | Brownfields |
| Topical Term | Brownfields |
| Topical Term | Brownfields |
| Topical Term | Industrial real estate |
| Topical Term | Real estate development |
| 700 1# - ADDED ENTRY--PERSONAL NAME | |
| Personal name | Breggin, Linda. |
| 856 40 - ELECTRONIC LOCATION AND ACCESS | |
| Uniform Resource Identifier | http://site.ebrary.com/lib/rucke/Doc?id=10040001 |
No items available.
